THE ORGANIC CHEMISTRY OF DRUG DESIGN AND DRUG ACTION (Record no. 8253)

MARC details
000 -LEADER
fixed length control field 00496nam a22001817a 4500
005 - DATE AND TIME OF LATEST TRANSACTION
control field 20230403144049.0
008 - FIXED-LENGTH DATA ELEMENTS--GENERAL INFORMATION
fixed length control field 230331b |||||||| |||| 00| 0 eng d
020 ## - INTERNATIONAL STANDARD BOOK NUMBER
ISBN 978-935107-278-0
041 ## - LANGUAGE CODE
Language code of text/sound track or separate title eng
082 ## - DEWEY DECIMAL CLASSIFICATION NUMBER
Classification number 615.19 SIL-T
100 ## - MAIN ENTRY--AUTHOR NAME
Personal name SILVERMAN,RICHARD B. AND HOLLADAY,MARK W
245 ## - TITLE STATEMENT
Title THE ORGANIC CHEMISTRY OF DRUG DESIGN AND DRUG ACTION
250 ## - EDITION STATEMENT
Edition statement 3rd ed.
260 ## - PUBLICATION, DISTRIBUTION, ETC. (IMPRINT)
Name of publisher ACADMIC PRESS
Year of publication 2022
300 ## - PHYSICAL DESCRIPTION
Number of Pages 517;P.
650 ## - SUBJECT ADDED ENTRY--TOPICAL TERM
Topical Term PHARMACY
General subdivision B. PHARMA
942 ## - ADDED ENTRY ELEMENTS (KOHA)
Koha item type Books
Holdings
Lost status Damaged status Collection code Home library Current library Shelving location Date acquired Source of acquisition Cost, normal purchase price Full call number Accession Number Koha item type
    Reference JRU Library JRU Library SHELF-19-A 23/03/2023 LOHIA BOOK INTERNATIONAL 8434.00 615.19 SIL-T 27606 Books